000 01224nam0a2200361 4500
001 RU\NLR\bibl\53783
005 20260406152734.0
020 _aRU
_b98-24005
_9Книжная летопись
021 _aRU
_b98-14826
_9700
035 _a(NLR Aleph) 000052481
090 _a281922
_c281922
100 _a19990528d1998 |||y0rusy50 ca
101 0 _arus
102 _aRU
105 _aa |||||||||
200 1 _aЗадачи к урокам геометрии
_e7-11-е кл.
_fБ. Г. Зив
205 _a5-е изд., испр.
210 _aСПб.
_cНПО "Мир и семья-95"
_cРаритет-М
_d1998
215 _a618 с.
_cил.
_d22
606 0 _aГеометрия
_jЗадачники
_9935458
_3RU\NLR\auth\6626625
610 0 _aГеометрия - Задачи
675 _a372.851.411.046.14
_v3
_zrus
686 _a14
_2rugasnti
686 _a74.262.21
_2rubbk
686 _aВ181.11я721-4
700 1 _4070
_7ca
_8rus
_aЗив
_bБ. Г.
_f1928-2011
_gБорис Германович
_3RU\NLR\AUTH\776110
_9116065
801 0 _aRU
_bRKP
_c19990528
_gPSBO
801 1 _aRU
_bRKP
_c19990528
801 2 _aRU
_bNLR
_c19991102
_grcr
852 _aNLR
_j98-5/1417
942 _cBOOK
980 _aNB